Phi Delta Kappan

Bibliografiska uppgifter
Materialtyp: Elektronisk Tidskrift
Språk:English
Publicerad: Sage Publications Inc.
Länkar:Full text available on EBSCOhost[Jan 1994-]
Off-campus access
LEADER 00919cas a2200181 a 4500
001 AALejournalEBSCOMFP001833
008 230102c9999 xx r poo 0 0eng d
022 |a 0031-7217 
040 |a BD-DhAAL  |c BD-DhAAL 
245 0 0 |h [electronic resource]  |a Phi Delta Kappan 
260 |b Sage Publications Inc. 
300 |a 1 online resource 
500 |a <strong>Off-Campus Access:</strong> Athens ID and Password Required 
500 |a <strong>On-Campus Access:</strong> No User ID or Password Required 
506 |a Electronic access restricted to authorized BRAC University faculty, staff and students 
538 |a Mode of access: Internet 
856 4 0 |z Full text available on EBSCOhost[Jan 1994-]  |u https://search.ebscohost.com/direct.asp?db=f5h&jid=PDK&scope=site 
856 4 0 |z Off-campus access  |u https://go.openathens.net/redirector/bracu.ac.bd?url=https%3A%2F%2Fsearch.ebscohost.com%2Fdirect.asp%3Fdb%3Df5h%26jid%3DPDK%26scope%3Dsite